Prevalence ,clinical pattern and factors associated with posttraumatic stress disorder among individuals with opioid use disorder and non opioid users in Dodoma, Tanzania: (Record no. 41395)

MARC details
000 -LEADER
fixed length control field 00696nam a22001697a 4500
005 - DATE AND TIME OF LATEST TRANSACTION
control field 20260618091508.0
008 - FIXED-LENGTH DATA ELEMENTS--GENERAL INFORMATION
fixed length control field 260618b |||||||| |||| 00| 0 eng d
050 ## - LIBRARY OF CONGRESS CALL NUMBER
Classification number RC552
Item number .D63M56 2024
100 ## - MAIN ENTRY--PERSONAL NAME
Personal name Mmoto, Mahadhi T.
9 (RLIN) 118984
245 ## - TITLE STATEMENT
Title Prevalence ,clinical pattern and factors associated with posttraumatic stress disorder among individuals with opioid use disorder and non opioid users in Dodoma, Tanzania:
Remainder of title A comparative crossectional study/
260 ## - PUBLICATION, DISTRIBUTION, ETC. (IMPRINT)
Place of publication, distribution, etc Dodoma:
Name of publisher, distributor, etc The University of Dodoma,
Date of publication, distribution, etc 2024
300 ## - PHYSICAL DESCRIPTION
Extent xi, 84 p. :
Other physical details ill. ;
Dimensions 30 cm.
500 ## - GENERAL NOTE
General note Includes references
650 ## - SUBJECT ADDED ENTRY--TOPICAL TERM
Topical term or geographic name as entry element Posttraumatic stress disorder
9 (RLIN) 118985
Topical term or geographic name as entry element Stress disorder
9 (RLIN) 118986
942 ## - ADDED ENTRY ELEMENTS (KOHA)
Source of classification or shelving scheme Library of Congress Classification
Item type Dissertations
Holdings
Withdrawn status Lost status Source of classification or shelving scheme Damaged status Not for loan Collection code Home library Current library Shelving location Date acquired Source of acquisition Total Checkouts Full call number Barcode Date last seen Copy number Price effective from Koha item type
    Library of Congress Classification   Not For Loan Reference Health Sciences Library Collection Health Sciences Library Collection Postgraduate 18/06/2026 Legal Diposite   RC552 .D63M56 2024 1829279 18/06/2026 C.1 18/06/2026 Dissertations
© The University of Dodoma 2020